| 000 | 01199nab a22002177a 4500 | ||
|---|---|---|---|
| 999 |
_c6573 _d6573 |
||
| 003 | OSt | ||
| 005 | 20260225100959.0 | ||
| 008 | 190506c xxu||||| |||| 00| 0 spa d | ||
| 040 | _cPJ | ||
| 100 |
_95153 _aSeguro, Silvia M. |
||
| 245 | 1 | 0 |
_aGestión humana. Puesta en funcionamiento de la oficina de asistencia y apoyo permanente de la CNAT / _cSilvia Seguro. |
| 260 |
_aBuenos Aires : _bAbeledoPerrot, _c2025. |
||
| 300 | _ap. 7-12 | ||
| 500 | _aCita: TR LALEY AR/DOC/3181/2024. | ||
| 505 | _aSumario: I. Introducción al couseling.— II. Contexto social del nacimiento del counseling.— III. Orígenes y definición.— IV. Enfoque preventivo en el counseling.— V. Evaluación y medición de la eficacia.— VI. Importancia del counseling en el ambiente laboral y la gestión.— VII. Resumen y perspectiva.— VIII. Objetivos específicos y trabajo de campo. | ||
| 505 | _t¿Te interesa el texto completo? Comunicate al correo: koha@justierradelfuego.gov.ar | ||
| 650 | 0 |
_91316 _aDERECHO LABORAL |
|
| 650 | 0 |
_94195 _aCOMPETENCIA LABORAL |
|
| 773 | 0 |
_02751 _93202 _dBuenos Aires : AbeledoPerrot, 2013- _tRevista de derecho laboral y seguridad social. Nº 2 - Enero 2025 |
|
| 942 |
_2udc _cANA |
||